00910cam a2200265Ia 450000100090000000300060000900500170001500800410003202000150007302000180008803500200010604000400012608200170016610000220018324501050020526000440031030000210035449000400037550400510041563000390046663000330050565000510053865000140058983000410060340422030OCoLC20190205095442.0981201s1995 cau b 001 0 eng d a0830717226 a9780830717224 a(OCoLC)40422030 aJANcJANdOCLdCBCdOCLdBAKERdBSC a226.6bW132B1 aWagner, C. Peter.10aBlazing the way :ba new look at Acts-- sharing God's power throughout the world /cC. Peter Wagner. aVentura, Calif. :bRegal Books,cc1995. a255 p. ;c22 cm.1 aActs of the Holy Spirit series ;v3 aIncludes bibliographical references and index.00aBible. pActs 15-28vCommentaries.00aBible. pActsvCommentaries. 0aPower (Christian theology)xBiblical teaching. 0aMissions. 0aActs of the Holy Spirit series ;v3.